000 00545cab a2200205 4500
001 X351
008 090401t1993 xxu||||| |||| 00| 0 eng d
035 _a(Sirsi) u65230
041 _aeng
245 _aMembers vote for diversification
260 _c1993
350 _a0
490 _aCSM (Chartered Surveyor Monthly)
_v2(4) January 1993, 4(1)
650 _aCHARTERED STATUS
650 _aABOUT RICS-RICS MEMBERS
650 _aEGM
690 _aMANAGEMENT-BUSINESS MANAGEMENT-PROFESSIONAL PRACTICE
942 _n0
948 _c04/03/1997
999 _c40674
_d40674